000 01153cam a2200241 4500
001 ABS63881
008 000000n2001 000 0 eng u
035 _a(Sirsi) u112224
100 _aFoo, A.
245 _aStraining at the lease
260 _c2001
490 _aProperty Week
_v66(16) 20 April 2001, 70-71(2)
520 _aComments and crititicises changes to commercial leases renewals being introduced by the Civil Proceedure (Amendments) Rules 2001 which will add parts s5 and s6 to the Civil Proceedure Rules setting out new proceedures for dealing with housing and landlord and tenant matters due to come into force on 15 October 2001. Includes an example of how an opposed renewal might proceed under the new rules. For latest information on CPR see http://www.open.gov.uk/iod/civil/procrules.fin/cprocfr.htm
590 _aABS
650 _aLEASE RENEWAL
650 _aLANDLORD AND TENANT ACT 1954
650 _aSCOTTISH MUTUAL ASSURANCE PLC V JARDINE PUBLIC RELATIONS LTD
650 _aHUMAN RIGHTS ACT 1998
650 _aCIVIL PROCEDURE RULES
690 _aLANDLORD AND TENANT-LEASES
700 _aAbbott, S.
942 _n0
999 _c66833
_d66833